000 01930nam0a2200361 4500
001 RU\NLR\BIBL_A\022186332
005 20240521113949.0
010 _a978-5-6050580-6-9
_9500
021 _aRU
_bКН-П-24-010921
_9КН-П-24-1125
035 _a(NLR Aleph) 022186332
090 _a12998603
_c12998603
100 _a20240403d2024 u y0rusy50 ca
101 0 _arus
102 _aRU
105 _aa j 000yy
181 0 _ai3
_baxxe
182 0 _an
200 1 _aЖидкие лекарственные формы
_eучебное пособие
_fК. В. Алексеев, Е. В. Блынская, С. В. Тишков, В. К. Алексеев
203 _aТекст
_bвизуальный
_cнепосредственный
210 _aМосква
_cМиттель Пресс
_d2024
215 _a191, [1] с.
_cил., табл.
_d21
300 _aВ конце кн. авт.: Алексеев К. В., д-р фармац. наук, проф., Блынская Е. В., д-р фармац. наук, доц., Тишков С. В., канд. фармац. наук, Алексеев В. К.
320 _aБиблиогр.: с. 189-191 (54 назв.)
606 1 _aЛекарственные формы жидкие
_jУчебные издания для высших учебных заведений
_9980168
_3RU\NLR\AUTH\66368924
686 1 _aР282.522я73
701 1 _7ca
_8rus
_aАлексеев
_bК. В.
_cд-р фармац. наук
_gКонстантин Викторович
_997983
_3RU\NLR\AUTH\77115058
701 1 _aБлынская
_bЕ. В.
_gЕвгения Викторовна
701 1 _aТишков
_bС. В.
_gСергей Валерьевич
701 1 _7ca
_8rus
_aАлексеев
_bВ. К.
_cфармацевт
_gВиктор Константинович
_9268080
_3RU\NLR\AUTH\770268136
942 _cBOOK
980 _aNB